Aplica las matemáticas tercero y cuarto básico: guía de ayuda para el docente
I tiakina i:
| Ngā kaituhi matua: | , |
|---|---|
| Hōputu: | Pukapuka |
| Reo: | Pāniora |
| I whakaputaina: |
Santiago
Cal y Canto
2000
|
| Ngā marau: | |
| Ngā Tūtohu: |
Tāpirihia he Tūtohu
Kāore He Tūtohu, Me noho koe te mea tuatahi ki te tūtohu i tēnei pūkete!
|
MARC
| LEADER | 00000nam a2200000 a 4500 | ||
|---|---|---|---|
| 001 | UCL2491 | ||
| 003 | CL-VaPUC | ||
| 008 | 031024e20000000CL |||||||||||||||||spa|d | ||
| 020 | |a 9567960011 | ||
| 082 | 0 | 4 | |a 372.7 |b RIP |2 21 |
| 100 | 0 | |a Ripamonti Zañartu, Constanza |e author |9 479592 | |
| 700 | 0 | |a Salgó Cáceres, Irene |e author |9 479593 | |
| 245 | 1 | 0 | |a Aplica las matemáticas tercero y cuarto básico: guía de ayuda para el docente |
| 300 | |a 88 p | ||
| 942 | |c BK | ||
| 945 | |d 20031024 00:00:00 |a cmena | ||
| 260 | |a Santiago |b Cal y Canto |c 2000 | ||
| 650 | 0 | |a Educación básica |9 224933 | |
| 650 | 0 | |a Matemáticas |x Enseñanza |9 875527 | |
| 650 | 0 | |a Métodos de enseñanza |9 270413 | |
| 650 | 0 | |a Libros de texto |9 270019 | |
| 583 | |a last modification |c 20031024 00:00:00 |k Rodrigo Vera | ||
| 999 | |c 305795 |d 305793 | ||
| 952 | |0 0 |1 0 |4 0 |6 372_700000000000000_RIP_2000 |7 0 |8 P |9 370208 |a BIBEDU |b BIBEDU |c BIBEDU_PB |d 2019-11-21 |i 395546K |o 372.7 RIP 2000 |p 395546K |r 2024-01-25 |w 2019-11-21 |y BK |k EBA | ||
| 952 | |0 0 |1 0 |4 0 |6 372_700000000000000_RIP_2000 |7 0 |8 P |9 370209 |a BIBEDU |b BIBEDU |c BIBEDU_PB |d 2019-11-21 |i 4011678 |o 372.7 RIP 2000 |p 4011678 |r 2019-11-21 |w 2019-11-21 |y BK |k EBA | ||